Working Dogs Of The World - Statistics

General Stats
  • This quiz has been taken 7 times
  • The average score is 18 of 46
Answer Stats
Picture Answer % Correct
Doberman
100%
German Shepherd
100%
Belgian Malinois
83%
Giant Schnauzer
83%
Rottweiler
83%
APBT (American Pit Bull Terrier)
67%
Cane Corso
67%
Dogo Argentino
67%
English Bull Terrier
67%
Greyhound
67%
Australian Kelpie
50%
Border Collie
50%
Dutch Herder
50%
Fila Brasileiro
50%
Turkish Kangal
50%
Alabai (Central Asian Shepherd)
33%
American Bulldog
33%
Anatolian Shepherd
33%
Bandog
33%
Beauceron
33%
Bedlington Terrier
33%
Bouvier Des Flanders
33%
BullHerder
33%
Caucasian Ovcharka
33%
Cocker Spaniel
33%
Jack Russell Terrier
33%
Jagd Terrier
33%
Lakeland Terrier
33%
Lurcher
33%
Patterdale Terrier
33%
Presa Canario
33%
Whippet
33%
Akbas
17%
American Staffordshire Terrier
17%
Armenian Gampr
17%
BullLurcher
17%
Bully Kutta
17%
German Pointer
17%
Gultair (Gull Terrier)
17%
Modern Alaunt Gentile
17%
Olde English Bulldog
17%
Sarabi
17%
Springer Spaniel
17%
Tosa Inu
17%
Volkodav
17%
Wheaton Terrier
17%
No matching quizzes found
Score Distribution
Percent of People with Each Score
Percentile by Number Answered
Your Score History
You have not taken this quiz